El proceso de reforma del instituto postal Dominicano / Carlos Modesto Guzmán (Registro nro. 1892)

Detalles MARC
000 -LEADER
fixed length control field 00620nam a22001931a 4500
001 - CONTROL NUMBER
control field 1892
003 - CONTROL NUMBER IDENTIFIER
control field OSt
005 - DATE AND TIME OF LATEST TRANSACTION
control field 20260204211751.0
008 - FIXED-LENGTH DATA ELEMENTS--GENERAL INFORMATION
fixed length control field 070102s2000||||dr ||||||b||||||||||spa||
050 ## - LIBRARY OF CONGRESS CALL NUMBER
Classification number RD 351.873 G994p
100 ## - ASIENTO PRINCIPAL -- NOMBRE PERSONAL
Personal name Guzmán, Carlos Modesto
245 ## - TÍTULO PROPIAMENTE DICHO: SUBTÍTULO
Title El proceso de reforma del instituto postal Dominicano / Carlos Modesto Guzmán
264 ## - PRODUCTION, PUBLICATION, DISTRIBUTION, MANUFACTURE, AND COPYRIGHT NOTICE
Place of production, publication, distribution, manufacture Santo Domingo: Amigo del Hogar
300 ## - PHYSICAL DESCRIPTION
Extensión 35 p
490 ## - MENCIÓN DE SERIE
Series statement Conversatorio de reforma No. 15
650 ## - ASIENTO SECUNDARIO DE MATERIA -- TERMINO TEMÁTICO
Termino Temático Como Elemento de Entrada 1.Servicios Postales 2.República Dominicana
710 ## - ASIENTO SECUNDARIO -- NOMBRE CORPORATIVO
Corporate name or jurisdiction name as entry element Comisión Presidencial de la Reforma y Modernización del EstadoÌ
942 ## - ADDED ENTRY ELEMENTS (KOHA)
Source of classification or shelving scheme Dewey Decimal Classification
Koha item type Libros
Existencias
Withdrawn status Lost status Source of classification or shelving scheme Damaged status Not for loan Current library Date acquired Total Checkouts Full call number Barcode Date last seen Price effective from Koha item type
    Dewey Decimal Classification     Biblioteca UTECO 09/09/2019   RD 351.873 G994P 012613 09/09/2019 09/09/2019 Libros
© 2021 Derechos Reservados UTECO - Teléfono: +1 809-585-2291 - Correo electrónico: biblioteca@uteco.edu.do​  
Código postal 43000 ​​
Dirección: Avenida Universitaria No. 100, 
Cotuí, Provincia Sánchez Ramírez, República Dominicana - RNC: 404-00059-6